000 00411nam a2200133Ia 4500
008 171212s9999 xx 000 0 und d
020 _a9780874212365
100 _aFreisinger, Randall
245 _cFreisinger, Randall
_aPlato's Breath
260 _bUniversity Press of Colorado
_c1997
440 _aSwenson Poetry Award
650 _aLanguage & Literature
856 _uwww.jstor.org/stable/10.2307/j.ctt46nxg9
999 _c353148
_d353148